000 00306nam a22000977a 4500
008 150616b xxu||||| |||| 00| 0 eng d
010 _8HCCRSF:002
245 _aHIGH COURT CRIMINAL SESSION NO. 560 OF 1969 Uganda Vs Petero Kahuta
260 _aHigh Court Kampala
500 _3BEFORE: Hon. MR. Ag. Justice Russell
999 _c6238
_d6238